Counties of North Carolina - Statistics

General Stats
  • This quiz has been taken 375 times
  • The average score is 71 of 100
Answer Stats
County Seat County Name % Correct
Jefferson Ashe
89%
Sylva Jackson
85%
Plymouth Washington
85%
Durham Durham
84%
Lincolnton Lincoln
83%
Asheville Buncombe
82%
Murphy Cherokee
82%
Graham Alamance
81%
Louisberg Franklin
81%
Hendersonville Henderson
81%
Sanford Lee
81%
Raleigh Wake
81%
Manteo Dare
80%
Charlotte Mecklenburg
80%
Goldsboro Wayne
80%
Wilson Wilson
80%
Hillsborough Orange
79%
Monroe Union
79%
Warrenton Warren
79%
Wadesboro Anson
78%
Fayetteville Cumberland
78%
Currituck Currituck
78%
Snow Hill Greene
78%
Taylorsville Alexander
77%
Gatesville Gates
77%
Halifax Halifax
77%
Yadkinville Yadkin
77%
Camden Camden
76%
Hayesville Clay
76%
Marshall Madison
76%
Sparta Alleghany
74%
Lenoir Caldwell
74%
Beaufort Carteret
74%
Winston-Salem Forsyth
74%
Gastonia Gaston
74%
Greensboro Guilford
74%
Nashville Nash
74%
Wilmington New Hanover
74%
Wentworth Rockingham
74%
Burnsville Yancey
74%
Newland Avery
73%
Statesville Iredell
73%
Greenville Pitt
73%
Laurinburg Scotland
73%
Brevard Transylvania
73%
Wilkesboro Wilkes
73%
Washington Beaufort
72%
Rutherfordton Rutherford
72%
Boone Watauga
72%
Morganton Burke
71%
Concord Cabarrus
71%
Elizabeth City Pasquotank
71%
Newton Catawba
70%
Kinston Lenoir
70%
Columbus Polk
70%
Asheboro Randolph
70%
Bolivia Brunswick
69%
Roxboro Person
69%
Salisbury Rowan
69%
Windsor Bertie
68%
Mocksville Davie
68%
Williamston Martin
68%
Troy Montgomery
68%
Jacksonville Onslow
68%
Dobson Surry
68%
Shelby Cleveland
67%
Lexington Davidson
67%
Tarboro Edgecombe
67%
Swan Quarter Hyde
67%
Smithfield Johnston
67%
Pittsboro Chatham
66%
Edenton Chowan
66%
Trenton Jones
66%
Franklin Macon
66%
Carthage Moore
66%
Robbinsville Graham
65%
Bakersville Mitchell
65%
Hertford Perquimans
65%
Columbia Tyrell
64%
Winton Hertford
63%
Bryson City Swain
63%
Henderson Vance
63%
Kenansville Duplin
62%
Rockingham Richmond
62%
Yanceyville Caswell
61%
Whiteville Columbus
61%
New Bern Craven
61%
Lumberton Robeson
61%
Elizabethtown Bladen
60%
Bayboro Pamlico
59%
Burgaw Pender
59%
Jackson Northampton
57%
Albemarle Stanly
57%
Raeford Hoke
56%
Lillington Harnett
55%
Marion McDowell
55%
Waynesville Haywood
54%
Clinton Sampson
54%
Oxford Granville
53%
Danbury Stokes
51%
No matching quizzes found
Score Distribution
Percent of People with Each Score
Percentile by Number Answered
Your Score History
You have not taken this quiz